000 00441nam a2200169Ia 4500
008 221030s9999 xx 000 0 und d
020 _a0852260013
041 _aEnglish
082 _a105.23
_bMuk
100 _aS. M. Mukherji
245 0 _aOrganic Chemistry Vol. I
_cby S. M. Mukherji, S. P. Singh
260 _bNew Age International Pub
_aNew Delhi
_c1997
300 _a457
650 _aChemistry
700 _aS. P. Singh
942 _cBK
999 _c6707
_d6707